| 000 | 00946cam a2200289 i 4500 | ||
|---|---|---|---|
| 001 | 200462806 | ||
| 003 | TR-AnTOB | ||
| 005 | 20241115094450.0 | ||
| 007 | ta | ||
| 008 | 050607s2005 tu a b 001 0 tur d | ||
| 020 | _a9759086018 | ||
| 040 |
_aTR4XT _beng _erda _cTR4XT _dOSU _dBGZ _dTR-AnTOB |
||
| 041 | 0 | _atur | |
| 050 | 1 | 4 |
_aDR435.A7 _bK37335 2005 |
| 090 |
_aDR435.A7 _bK37335t 2005 |
||
| 100 | 1 |
_aKaracakaya, Recep _eauthor _917475 |
|
| 245 | 1 | 0 |
_aTürk kamuoyu ve Ermeni meselesi (1908-1923) / _cDr. Recep Karacakaya. |
| 250 | _a1. basım Nisan 2005 | ||
| 264 | 1 |
_aİstanbul : _bToplumsal Dönüşüm Yayınları, _c2005. |
|
| 300 |
_a472 pages : _billustrations ; _c21 cm |
||
| 490 | 0 |
_aAraştırma ve İnceleme ; _v114 _aToplumsal Dönüşüm yayınları ; _v307 |
|
| 504 | _aBIBINDX | ||
| 650 | 0 |
_aErmeniler _zTürkiye _xTarih _y20th century. _97858 |
|
| 650 | 0 |
_aErmeni sorunu _96430 |
|
| 942 |
_2lcc _cBK |
||
| 999 |
_c200462806 _d81018 |
||